[Event "AUT-ch U12"]
[Site "St Veit"]
[Date "2022.04.11"]
[Round "3"]
[White "Dotzer, Lukas"]
[Black "Aschenbrenner, Philip"]
[Result "1-0"]
[WhiteElo "2139"]
[BlackElo "1406"]
[PlyCount "95"]
[EventDate "2022.04.10"]
[EventType "swiss"]
[EventRounds "7"]
[EventCountry "AUT"]
[SourceTitle "EXT 2023"]
[Source "ChessBase"]
[SourceDate "2022.10.05"]
[SourceVersion "1"]
[SourceVersionDate "2022.10.05"]
[SourceQuality "1"]

1. e4 c5 2. Nf3 d6 3. d4 cxd4 4. Nxd4 Nf6 5. Nc3 g6 6. Be3 Bg7 7. f3 0-0 8. Qd2 Nc6 9. Bc4 Bd7 10. 0-0-0 Rc8 11. Bb3 Nxd4 12. Bxd4 Qa5 13. Kb1 Kh8 14. g4 b5 15. h4 Nxg4 16. Bxg7+ Kxg7 17. fxg4 Bxg4 18. Rdg1 h5 19. Qd4+ f6 20. Nd1 Qb6 21. Qxb6 axb6 22. Nf2 Bd7 23. Nd3 Bc6 24. Be6 Bxe4 25. Bxc8 Bxh1 26. Bf5 Bf3 27. Rxg6+ Kf7 28. Rg3 Bg4 29. Bxg4 hxg4 30. Rxg4 Rh8 31. Kc1 f5 32. Rb4 Kf6 33. Kd2 e5 34. Rxb5 Rxh4 35. Rxb6 Ke6 36. Nc5+ Kd5 37. Nb7 Rd4+ 38. Kc1 Rh4 39. Rxd6+ Ke4 40. Rd3 Rh1+ 41. Rd1 Rxd1+ 42. Kxd1 Kd5 43. Na5 f4 44. Nb3 e4 45. Nd2 e3 46. Nf3 Ke4 47. Ke2 Kf5 48. a4 1-0

[Event "EU Union-ch U12 18th"]
[Site "Mureck"]
[Date "2021.08.04"]
[Round "1"]
[White "Aschenbrenner, Philip"]
[Black "Derlich, Sarah Sima"]
[Result "1-0"]
[WhiteElo "1443"]
[BlackElo "1214"]
[PlyCount "109"]
[EventDate "2021.08.04"]
[EventType "swiss"]
[EventRounds "9"]
[EventCountry "AUT"]
[SourceTitle "EXT 2022"]
[Source "ChessBase"]
[SourceDate "2021.10.06"]
[SourceVersion "1"]
[SourceVersionDate "2021.10.06"]
[SourceQuality "1"]

1. e4 e5 2. Bc4 Nf6 3. d3 h6 4. Nf3 Nc6 5. c3 d5 6. exd5 Nxd5 7. 0-0 Be6 8. Re1 Qd6 9. Qe2 Bg4 10. h3 Bxf3 11. Qxf3 Nf6 12. Be3 0-0-0 13. b4 a6 14. a4 Be7 15. Nd2 Rdf8 16. Bc5 Qd7 17. Bxe7 Qxe7 18. Bxa6 e4 19. Qf5+ Qe6 20. Qxe6+ fxe6 21. Bc4 exd3 22. Bxe6+ Kb8 23. Bc4 Rd8 24. Re3 Rhe8 25. Rae1 Ka7 26. Rxe8 Rxe8 27. Rxe8 Nxe8 28. Bxd3 Nf6 29. Ne4 Nxe4 30. Bxe4 Ne5 31. f4 Nc4 32. Kf2 Kb6 33. Bd5 Nd6 34. g4 c6 35. Bf3 c5 36. Ke2 cxb4 37. cxb4 Nc4 38. Bd5 Nd6 39. Kd3 Ne8 40. Kd4 Kc7 41. Ke5 b6 42. h4 Kd7 43. f5 Nc7 44. g5 hxg5 45. hxg5 Na6 46. f6 g6 47. Bf7 Nxb4 48. Bxg6 Nc6+ 49. Kd5 Nd8 50. Bf5+ Ke8 51. g6 Kf8 52. Be6 Nf7 53. Bxf7 b5 54. Ke6 bxa4 55. g7# 1-0